LEADER 01206nam a2200301 u 4500 001 000000038925 003 CaOOAMICUS 005 20070226113930.0 008 980429s1987 fr u000 u fre u 020 $a2130399843 035 $a10792976 040 $aPUL(R)$bita 100 1 $aBettati, Mario.$0(OLS)http://pul/name/28937 245 13$aLe droit des organisations internationales /$cMario Bettati .. 260 $aParis :$bPresses Universitaires de France,$c1987. 300 $a125 p. ;$c18 cm 490 1 $aQue sais-je? 500 $a"Table des matières": p. 125. 504 $a"Bibliographie": pp. 123-124. 650 4$aDiritto internazionale.$0(OLS)http://pul/subject/2505 830 0$aQue sais-je?.$0(OLS)http://pul/title/1057 850 $aPUL 852 $aPUL$W1$xSL Diritto e Scienze Sociali 1$y4$m179 A 106$j52973$nBK-PRI$b $qStampati$B52973$CPULBib$Z2$F52973 $H $81 941 1 $a8 961 $aINV: 59367. 996 $6020$a2130399843$9(OLS)http://pul/number/48457 996 $6245$aLe droit des organisations internationales$9(OLS)http://pul/title/52760 996 $6260$aParis :$bPresses Universitaires de France$9(OLS)http://pul/publisher/47940 LEADER 01365nam a2200289 u 4500 001 000000116439 003 CaOOAMICUS 005 20120313143942.0 008 090624s2009 it u000 u ita r 020 $z978-88-495-1752-1* 040 $aPUL$bita$dLDB 100 1 $aTatarano, Giovanni.$0(OLS)http://pul/name/72319 245 10$aCondizione e modus /$cGiovanni Tatarano, Carmine Romano. 260 $aNapoli :$bEdizioni scientifiche italiane,$cc2009. 300 $axi, 467 p.$c24 cm 490 1 $aTrattato di diritto civile del Consiglio Nazionale del Notariato.$a4, Autonomia negoziale ;$v02 500 $aContiene indici. 504 $aBibliografia in nota. 650 4$aContratti commerciali$xClausole.$0(OLS)http://pul/subject/25966 700 1 $aRomano, Carmine.$0(OLS)http://pul/name/72320 830 0$aTrattato di diritto civile del Consiglio Nazionale del Notariato.$n4,$pAutonomia negoziale ;$v02.$0(OLS)http://pul/title/137406 850 $aPUL 852 $aPUL$W1$xSL Diritto e Scienze Sociali 3$y79$m346. 45 COLL 3.4,2$j133453$qDDC 21$B132484$CPULBib$Z2$F132484 $H110673 $82 941 1 $a9 996 $6020$z978-88-495-1752-1*$9(OLS)http://pul/number/141299 996 $6245$aCondizione e modus$9(OLS)http://pul/title/146327 996 $6260$aNapoli :$bEdizioni scientifiche italiane$9(OLS)http://pul/publisher/48388